Foods: Facts and Principles / (Record no. 15446)
[ view plain ]
| 000 -LEADER | |
|---|---|
| fixed length control field | 00371nam a22001457a 4500 |
| 020 ## - INTERNATIONAL STANDARD BOOK NUMBER | |
| ISBN | 9788122422153 |
| 082 ## - DEWEY DECIMAL CLASSIFICATION NUMBER | |
| Classification number | 664. |
| Item number | MAN/FO |
| 100 ## - MAIN ENTRY--AUTHOR NAME | |
| Personal name | Manay, Shakuntala N |
| 245 ## - TITLE STATEMENT | |
| Title | Foods: Facts and Principles / |
| 250 ## - EDITION STATEMENT | |
| Edition statement | 3rd ed. |
| 260 ## - PUBLICATION, DISTRIBUTION, ETC. (IMPRINT) | |
| Place of publication | New Delhi ; |
| Name of publisher | New Age International , |
| Year of publication | 2012. |
| 300 ## - PHYSICAL DESCRIPTION | |
| Number of Pages | 490 ;. |
| 700 ## - ADDED ENTRY--PERSONAL NAME | |
| Personal name | Shadaksharaswamy, M |
| 942 ## - ADDED ENTRY ELEMENTS (KOHA) | |
| Koha item type | Books |
| Withdrawn status | Lost status | Damaged status | Home library | Current library | Date acquired | Cost, normal purchase price | Full call number | Accession Number | Koha item type |
|---|---|---|---|---|---|---|---|---|---|
| KAUAET | KAUAET | 04/06/2018 | 475.00 | 664. MAN/FO | 25640 | Books |
